Vývoj obyvateľstva v Trenčianskom kraji ...
| Main Authors: | , , |
|---|---|
| Format: | Serial |
| Language: | Slovak |
| PhysicalDescription: | zv. grafy, mapy, tab. 30 cm |
| Published: |
Trenčín
Štatistický úrad Slovenskej republiky - pracovisko ŠÚ v Trenčíne
|
| ISBN: | 9788081210150 9788081210860 9788081211690 |
| Subjects: |
MARC
| LEADER | 00000cas a2200000 a 4500 | ||
|---|---|---|---|
| 001 | vtls010176176 | ||
| 003 | SK-MaSNL | ||
| 005 | 20260228160331.0 | ||
| 008 | 180801c200u9999xo ar| 000 b0slo | ||
| 015 | |a SNBB2016-(r. 2009, r. 2010, r. 2011) | ||
| 020 | |a 9788081210150 |q (brož. : r. 2009) | ||
| 020 | |a 9788081210860 |q (brož. : r. 2010) | ||
| 020 | |a 9788081211690 |q (brož. : r. 2011) | ||
| 040 | |a SVKBB |b slo |c SVKBB |d SNK |e AACR2 | ||
| 041 | 0 | |a slo | |
| 043 | |a e-xo--- | ||
| 044 | |a xo |c SK | ||
| 072 | 7 | |a 314 |x Demografia. Populácia |2 konspekt | |
| 080 | |a 314 |2 2001 | ||
| 080 | |a 314.116 |2 2001 | ||
| 080 | |a (083.41) |2 2001 | ||
| 080 | |a (437.613) |2 2011 | ||
| 080 | |a (058) |2 2001 | ||
| 100 | 1 | |a Kadlecová, Stanislava |9 266433 | |
| 245 | 1 | 0 | |a Vývoj obyvateľstva v Trenčianskom kraji ... |
| 260 | |a Trenčín |b Štatistický úrad Slovenskej republiky - pracovisko ŠÚ v Trenčíne | ||
| 300 | |a zv. |b grafy, mapy, tab. |c 30 cm | ||
| 310 | |a 1x ročne | ||
| 500 | |a Autori publikácie: 2009, Stanislava Kadlecová, Andrea Krumpárová, Anna Marčeková ; 2010-2011, Andrea Krumpárová, Anna Marčeková | ||
| 500 | |a Popis podľa: r. 2009 (vydané v r. 2010) | ||
| 500 | |a Súčasťou názvu je označenie roku | ||
| 650 | 0 | 7 | |a obyvateľstvo |2 SNKPH |9 4654 |
| 650 | 0 | 7 | |a demografický vývoj |2 SNKPH |9 3826 |
| 650 | 0 | 7 | |a Population |2 SNKPHeng |9 265816 |
| 650 | 0 | 7 | |a Demographic transition |2 SVKBBPHeng |9 265579 |
| 651 | 7 | |a Trenčiansky kraj (Slovensko) |2 SNKPH |9 162428 | |
| 651 | 7 | |a Trenčiansky kraj (Slovensko) |2 SNKPHeng |9 162428 | |
| 655 | 7 | |a štatistiky |2 SNKPH |9 70182 | |
| 655 | 7 | |a Statistics |2 SNKPHeng |9 265580 | |
| 655 | 7 | |a ročenky |2 SNKPH |9 57146 | |
| 655 | 7 | |a Yearbooks |2 SNKPHeng |9 120938 | |
| 700 | 1 | |a Krumpárová, Andrea |4 aut |9 266434 | |
| 700 | 1 | |a Marčeková, Anna |4 aut |9 266435 | |
| 852 | |a Štátna vedecká knižnica v Banskej Bystrici | ||
| 910 | |a svkbb | ||
| 910 | |a snk | ||
| 919 | |a 978-80-8121-015-0 | ||
| 919 | |a 978-80-8121-086-0 | ||
| 919 | |a 978-80-8121-169-0 | ||
| 999 | |c 2187 |d 4117 | ||
| 952 | |0 0 |1 0 |4 0 |7 0 |8 0 |a SNK |b SNK |d 2016-02-23 |i snk2016/5207 |l 0 |o snkČSB 6093/2009 |p 17A0672771 |r 2026-02-21 22:02:41 |w 2026-02-21 |y PREZ | ||
| 952 | |0 0 |1 0 |4 0 |7 0 |8 0 |a SNK |b SNK |d 2016-02-23 |i snk2016/5208 |l 0 |o snkČSB 6093/2009 D1 |p 17A0672772 |r 2026-02-21 22:02:41 |w 2026-02-21 |y PREZ | ||
| 952 | |0 0 |1 0 |4 0 |7 0 |8 0 |a SNK |b SNK |d 2016-02-23 |i snk2016/5211 |l 0 |o snkČSB 6093/2010 |p 17A1098245 |r 2026-02-21 22:02:41 |w 2026-02-21 |y PREZ | ||
| 952 | |0 0 |1 0 |4 0 |7 0 |8 0 |a SNK |b SNK |d 2016-02-23 |i snk2016/5212 |l 0 |o snkČSB 6093/2010 D1 |p 17A1098244 |r 2026-02-21 22:02:41 |w 2026-02-21 |y PREZ | ||
| 952 | |0 0 |1 0 |4 0 |7 0 |8 0 |a SNK |b SNK |d 2016-02-23 |i snk2016/5213 |l 0 |o snkČSB 6093/2011 |p 17A1057588 |r 2026-02-21 22:02:41 |w 2026-02-21 |y PREZ | ||
| 952 | |0 0 |1 0 |4 0 |7 0 |8 0 |a SNK |b SNK |d 2016-02-23 |i snk2016/5214 |l 0 |o snkČSB 6093/2011 D1 |p 17A1057587 |r 2026-02-21 22:02:41 |w 2026-02-21 |y PREZ | ||


